000 00384nam a2200145 4500
001 4304
005 20250505153645.0
008 250505b
020 0 0 _a9780813526546
100 0 0 _a Mills,Mary Beth.
245 0 0 _aThai women :
_b in the global labor force/
_c Mills, Mary Beth.
260 0 0 _aLondon:
_bRutgers University Press,
_c2006.
300 0 0 _a218 p. ; 25 cm.
942 _2ddc
_cMAIN
999 _c10230
_d10231